000 01201nam a2200361 a 4500
001 000112177
003 CHAP
005 20220329144249.0
008 151216s2015 mx a |r| ||||||spa d
010 _a108638
011 _a109610
020 _a9786071203953
040 _cCHAP
082 0 4 _a782.42
_bC18 2015
100 1 _aCamero Rodríguez, Francisco
_9130338
245 1 0 _aCanto a la Costa Chica :
_bel mundo poético de Álvaro Carrillo /
_cpor Francisco Camero Rodríguez.
250 _a2 ed. corr. y aum.
260 _aChapingo, Méx. :
_bUACH,
_c2015.
300 _a249 p. :
_bil.
590 _aBATCH-UPD
_b05
_c20160113
_lUCH01
_h1123
590 _aE5995AHE
_b05
_c20151216
_lUCH01
_h0840
590 _aE5995AHE
_b05
_c20160112
_lUCH01
_h1508
590 _aE5995AHE
_b05
_c20160113
_lUCH01
_h1122
590 _aE5995AHE
_b05
_c20160113
_lUCH01
_h1125
590 _aE5995AHE
_b05
_c20160113
_lUCH01
_h1125
590 _aE5995AHE
_b05
_c20160114
_lUCH01
_h0841
600 1 0 _aCarrillo, Álvaro
_d(1919 - 1969),
_919554
650 1 4 _aMúsica
_xHistoria.
_979143
651 1 _aCosta chica (México)
_xCanciones y música
_xHistoria y crítica
_9130353
901 _aBK
942 _cLIBRO
942 _n0
999 _c108638
_d108638